[Event "HUN-chT2 Asztalos 1314"]
[Site "Hungary"]
[Date "2014.02.16"]
[Round "5"]
[White "Magony, Tamas"]
[Black "Kadlicsko, Jozsef"]
[Result "1-0"]
[WhiteElo "2163"]
[BlackElo "2123"]
[PlyCount "71"]
[EventDate "2013.09.08"]
[EventType "team-tourn"]
[EventRounds "9"]
[EventCountry "HUN"]
[SourceTitle "EXT 2016"]
[Source "ChessBase"]
[SourceDate "2015.10.08"]
[SourceVersion "1"]
[SourceVersionDate "2015.10.08"]
[SourceQuality "1"]
[WhiteTeam "Baja"]
[BlackTeam "Fehervar"]
[WhiteTeamCountry "HUN"]
[BlackTeamCountry "HUN"]

1. e4 c5 2. Nf3 d6 3. d4 cxd4 4. Nxd4 Nf6 5. Nc3 a6 6. Bg5 e6 7. f4 Be7 8. Qf3 Qc7 9. 0-0-0 Nbd7 10. Bxf6 Nxf6 11. g4 Bd7 12. g5 Ng8 13. h4 0-0-0 14. Bh3 Kb8 15. Kb1 b5 16. a3 Bf8 17. f5 e5 18. Nd5 Qb7 19. Nb3 Ne7 20. Na5 Qa7 21. f6 Nc6 22. Nxc6+ Bxc6 23. fxg7 Bxg7 24. Rhf1 Rhf8 25. Qh5 Bxd5 26. Rxd5 f6 27. Bf5 fxg5 28. hxg5 Qe7 29. Rc1 Rh8 30. c4 h6 31. g6 bxc4 32. Rxc4 Ka7 33. Qd1 Rhf8 34. Qg1+ Ka8 35. Ra4 Qb7 36. Rda5 1-0

[Event "HUN-chT2 Asztalos 1213"]
[Site "Hungary"]
[Date "2013.03.03"]
[Round "8.2"]
[White "Magony, Tamas"]
[Black "Zsigmond, Karoly"]
[Result "1-0"]
[WhiteElo "2163"]
[BlackElo "2087"]
[PlyCount "37"]
[EventDate "2012.09.16"]
[EventType "team-tourn"]
[EventRounds "9"]
[EventCountry "HUN"]
[SourceTitle "EXT 2014"]
[Source "ChessBase"]
[SourceDate "2013.11.20"]
[SourceVersion "1"]
[SourceVersionDate "2013.11.20"]
[SourceQuality "1"]
[WhiteTeam "Baja"]
[BlackTeam "Dunaujvaros"]
[WhiteTeamCountry "HUN"]
[BlackTeamCountry "HUN"]

1. e4 c5 2. Nf3 a6 3. c3 d5 4. exd5 Qxd5 5. d4 e6 6. Be2 Nf6 7. 0-0 Be7 8. Be3 0-0 9. dxc5 Ng4 10. Qxd5 exd5 11. Bd4 Nc6 12. Nbd2 Re8 13. Bd3 Nxd4 14. cxd4 Bf6 15. Rfe1 Bd7 16. h3 Nh6 17. g4 Bd8 18. Rxe8+ Bxe8 19. g5 1-0

[Event "HUN-chT2 Asztalos 0506"]
[Site "Hungary"]
[Date "2006.04.23"]
[Round "11"]
[White "Pribek, Laszlo"]
[Black "Magony, Tamas"]
[Result "1/2-1/2"]
[WhiteElo "2145"]
[BlackElo "2143"]
[PlyCount "25"]
[EventDate "2005.10.16"]
[EventType "team"]
[EventRounds "11"]
[EventCountry "HUN"]
[SourceTitle "EXT 2009"]
[Source "ChessBase"]
[SourceDate "2008.11.26"]
[SourceVersion "1"]
[SourceVersionDate "2008.11.26"]
[SourceQuality "1"]
[WhiteTeam "MAV Elore"]
[BlackTeam "OK Travel"]
[WhiteTeamCountry "HUN"]
[BlackTeamCountry "HUN"]

1. d4 d5 2. Nf3 e6 3. c4 Nf6 4. e3 c5 5. cxd5 exd5 6. dxc5 Bxc5 7. Qc2 Bb6 8. Nc3 Nc6 9. Be2 Bg4 10. 0-0 0-0 11. a3 Qe7 12. Qd1 Rfd8 13. Nd4 1/2-1/2

[Event "HUN-chT2 Asztalos 0506"]
[Site "Hungary"]
[Date "2006.03.19"]
[Round "9"]
[White "Magony, Tamas"]
[Black "Szotak, Laszlo"]
[Result "1-0"]
[WhiteElo "2143"]
[BlackElo "2080"]
[PlyCount "103"]
[EventDate "2005.10.16"]
[EventType "team"]
[EventRounds "11"]
[EventCountry "HUN"]
[SourceTitle "EXT 2009"]
[Source "ChessBase"]
[SourceDate "2008.11.26"]
[SourceVersion "1"]
[SourceVersionDate "2008.11.26"]
[SourceQuality "1"]
[WhiteTeam "OK Travel"]
[BlackTeam "Szenna Pack II"]
[WhiteTeamCountry "HUN"]
[BlackTeamCountry "HUN"]

1. e4 c5 2. Nf3 a6 3. c3 d5 4. exd5 Qxd5 5. d4 Nf6 6. Be2 e6 7. 0-0 Nc6 8. Be3 cxd4 9. cxd4 Be7 10. Nc3 Qd6 11. Qd2 0-0 12. Bf4 Qd7 13. Rfd1 b5 14. Ne5 Nxe5 15. dxe5 Qxd2 16. Rxd2 Ne8 17. Bf3 Ra7 18. Rad1 Rc7 19. Ne4 Bb7 20. Nd6 Bxf3 21. gxf3 h6 22. Ne4 Bb4 23. Rd7 Rc2 24. a3 Bc5 25. b4 Bb6 26. Rb7 Bc7 27. Nc5 f6 28. Nxe6 Rf7 29. Nxc7 fxe5 30. Bxe5 Nxc7 31. Rd8+ Kh7 32. Rc8 Ne6 33. Rxc2 Rxb7 34. Rc6 Ng5 35. f4 Nf3+ 36. Kg2 Nxe5 37. fxe5 Ra7 38. Kg3 a5 39. Rb6 axb4 40. axb4 g5 41. Rxb5 Kg6 42. Rb6+ Kh5 43. b5 Ra3+ 44. Kg2 g4 45. Rc6 Kg5 46. b6 h5 47. b7 Rb3 48. Rc7 h4 49. e6 h3+ 50. Kf1 Kf6 51. e7 Kf7 52. e8Q+ 1-0

[Event "HUN-chT2 Asztalos 0506"]
[Site "Hungary"]
[Date "2006.02.26"]
[Round "8"]
[White "Kovacs, Gabor M"]
[Black "Magony, Tamas"]
[Result "0-1"]
[WhiteElo "2271"]
[BlackElo "2143"]
[PlyCount "74"]
[EventDate "2005.10.16"]
[EventType "team"]
[EventRounds "11"]
[EventCountry "HUN"]
[SourceTitle "EXT 2009"]
[Source "ChessBase"]
[SourceDate "2008.11.26"]
[SourceVersion "1"]
[SourceVersionDate "2008.11.26"]
[SourceQuality "1"]
[WhiteTeam "Bajai"]
[BlackTeam "OK Travel"]
[WhiteTeamCountry "HUN"]
[BlackTeamCountry "HUN"]

1. Nf3 Nf6 2. c4 e6 3. Nc3 d5 4. d4 Be7 5. Bf4 c6 6. e3 Nbd7 7. Rc1 Ne4 8. Qc2 f5 9. cxd5 exd5 10. Nxd5 cxd5 11. Bc7 Bb4+ 12. Ke2 Qe7 13. a3 Bd6 14. Bxd6 Nxd6 15. Qb3 Nf6 16. Ne5 0-0 17. g3 Be6 18. Bg2 Nf7 19. Nd3 Ne4 20. h3 a5 21. Nf4 Rfd8 22. g4 a4 23. Qd3 Bc8 24. Rc2 b6 25. b4 axb3 26. Qxb3 Ba6+ 27. Ke1 Bc4 28. Qb2 Qxa3 29. Bxe4 Qxb2 30. Rxb2 fxe4 31. Kd2 b5 32. h4 Rd6 33. g5 Rda6 34. Kc3 Ra2 35. Rhb1 R2a4 36. Ne6 Nd8 37. Nc7 Rc8 0-1

[Event "HUN-chT2 Asztalos 0506"]
[Site "Hungary"]
[Date "2005.11.13"]
[Round "3"]
[White "Magony, Tamas"]
[Black "Balazs, Imre"]
[Result "1/2-1/2"]
[WhiteElo "2143"]
[BlackElo "2172"]
[PlyCount "95"]
[EventDate "2005.10.16"]
[EventType "team"]
[EventRounds "11"]
[EventCountry "HUN"]
[SourceTitle "EXT 2009"]
[Source "ChessBase"]
[SourceDate "2008.11.26"]
[SourceVersion "1"]
[SourceVersionDate "2008.11.26"]
[SourceQuality "1"]
[WhiteTeam "OK Travel"]
[BlackTeam "Szekszard"]
[WhiteTeamCountry "HUN"]
[BlackTeamCountry "HUN"]

1. e4 e5 2. Nf3 Nc6 3. Bb5 f5 4. d3 fxe4 5. dxe4 Bc5 6. Qd5 Qe7 7. Bxc6 bxc6 8. Qxe5 Ba6 9. Bd2 Nf6 10. Qxe7+ Kxe7 11. Bg5 Ke6 12. Bxf6 gxf6 13. Nbd2 Rhg8 14. g3 Kf7 15. c4 d5 16. 0-0 Rab8 17. Rfc1 Rxb2 18. cxd5 Bb6 19. Rxc6 Be2 20. e5 Rg6 21. Rac1 Rxa2 22. R6c2 Ra4 23. d6 cxd6 24. exd6 Rg8 25. Re1 Re8 26. Nh4 Bd3 27. Rxe8 Kxe8 28. Rc3 Ba6 29. Rc1 Kd7 30. Re1 Kxd6 31. Ne4+ Kc7 32. Nxf6 Bb7 33. Nf5 Ra2 34. Rc1+ Kd8 35. Rd1+ Kc7 36. Nd4 a5 37. Ne6+ Kc8 38. Rc1+ Kb8 39. Nd7+ Ka7 40. Nxb6 Kxb6 41. Rb1+ Ka7 42. Nc5 Bf3 43. Nb3 a4 44. Nd4 Bb7 45. Nb5+ Ka6 46. Nc7+ Ka7 47. Nb5+ Ka6 48. Nc7+ 1/2-1/2

[Event "HUN-chT2 Asztalos 0304"]
[Site "Hungary"]
[Date "2004.03.21"]
[Round "9"]
[White "Magony, Tamas"]
[Black "Gal, Peter"]
[Result "1/2-1/2"]
[WhiteElo "2183"]
[BlackElo "2072"]
[PlyCount "114"]
[EventDate "2003.08.29"]
[EventType "team"]
[EventRounds "11"]
[EventCountry "HUN"]
[SourceTitle "EXT 2009"]
[Source "ChessBase"]
[SourceDate "2008.11.26"]
[SourceVersion "1"]
[SourceVersionDate "2008.11.26"]
[SourceQuality "1"]
[WhiteTeam "Kalocsa"]
[BlackTeam "Gepelem"]
[WhiteTeamCountry "HUN"]
[BlackTeamCountry "HUN"]

1. e4 e6 2. d4 d5 3. Nd2 Nc6 4. Ngf3 Nf6 5. e5 Nd7 6. c3 f6 7. exf6 Qxf6 8. Bb5 Bd6 9. Nf1 0-0 10. Ng3 a6 11. Ba4 e5 12. Bb3 Nb6 13. Bg5 Qf7 14. Qd2 exd4 15. Nxd4 Nxd4 16. Qxd4 Re8+ 17. Be3 Nc4 18. Bxc4 dxc4 19. 0-0 b5 20. Rad1 Bb7 21. Qg4 Re6 22. Rd2 Rae8 23. Rfd1 Rg6 24. Qh4 Qe6 25. Re1 a5 26. Qh5 Qe5 27. Qxe5 Rxe5 28. Rde2 h5 29. Bd4 Rxe2 30. Rxe2 c5 31. Be5 h4 32. Bxd6 Rxd6 33. Nf1 Kf7 34. Rd2 Ke6 35. Rxd6+ Kxd6 36. Ne3 Ke5 37. f3 h3 38. Kf2 hxg2 39. Nxg2 Bc8 40. Ke3 b4 41. a3 Be6 42. Nf4 Bf7 43. Nh3 Kd5 44. Ng5 Bg8 45. h4 Kc6 46. Ne4 bxa3 47. bxa3 Kb5 48. Kd2 Ka4 49. Nxc5+ Kxa3 50. Kc1 Bh7 51. f4 Bf5 52. Nb7 Kb3 53. Nxa5+ Kxc3 54. Nb7 Kd4 55. Nd6 Bd3 56. h5 Ke3 57. Ne8 Kxf4 1/2-1/2

[Event "HUN-chT2 Asztalos 0304"]
[Site "Hungary"]
[Date "2003.12.07"]
[Round "5"]
[White "Magony, Tamas"]
[Black "Kiss, Viktor"]
[Result "0-1"]
[WhiteElo "2183"]
[BlackElo "2096"]
[PlyCount "86"]
[EventDate "2003.08.29"]
[EventType "team"]
[EventRounds "11"]
[EventCountry "HUN"]
[SourceTitle "EXT 2009"]
[Source "ChessBase"]
[SourceDate "2008.11.26"]
[SourceVersion "1"]
[SourceVersionDate "2008.11.26"]
[SourceQuality "1"]
[WhiteTeam "Kalocsa"]
[BlackTeam "Fehervar"]
[WhiteTeamCountry "HUN"]
[BlackTeamCountry "HUN"]

1. e4 c6 2. d4 d5 3. e5 Bf5 4. Nf3 e6 5. Be2 Nd7 6. 0-0 Ne7 7. Nbd2 c5 8. c3 Nc6 9. a3 c4 10. Ne1 h5 11. Nc2 Bxc2 12. Qxc2 Be7 13. f4 g6 14. Nf3 b5 15. Be3 Qb6 16. Bf2 Bd8 17. Kh1 Ne7 18. Bh4 Nf5 19. Bxd8 Qxd8 20. Qd2 Qe7 21. a4 bxa4 22. Rxa4 Nb8 23. b3 cxb3 24. Bb5+ Kf8 25. Rb1 Kg7 26. Rxb3 Nd7 27. Bxd7 Qxd7 28. Rab4 Rhc8 29. Ng5 Rc7 30. h3 Rac8 31. Qb2 Rc4 32. Rb7 R8c7 33. Rb8 Rc8 34. Qa3 Rxc3 35. R8b7 Qxb7 36. Rxc3 Nxd4 37. Rxc8 Qxc8 38. Qxa7 Qc1+ 39. Kh2 Qxf4+ 40. Kh1 Qc1+ 41. Kh2 Qf4+ 42. Kh1 Qxg5 43. Qxd4 Qf5 0-1

[Event "HUN-chT2 Asztalos 0304"]
[Site "Hungary"]
[Date "2003.11.30"]
[Round "4"]
[White "Szaz, Ferenc"]
[Black "Magony, Tamas"]
[Result "1/2-1/2"]
[WhiteElo "2122"]
[BlackElo "2183"]
[PlyCount "167"]
[EventDate "2003.08.29"]
[EventType "team"]
[EventRounds "11"]
[EventCountry "HUN"]
[SourceTitle "EXT 2009"]
[Source "ChessBase"]
[SourceDate "2008.11.26"]
[SourceVersion "1"]
[SourceVersionDate "2008.11.26"]
[SourceQuality "1"]
[WhiteTeam "Komlo Banyasz"]
[BlackTeam "Kalocsa"]
[WhiteTeamCountry "HUN"]
[BlackTeamCountry "HUN"]

1. e4 c5 2. f4 Nc6 3. Nf3 d6 4. Nc3 g6 5. Bc4 e6 6. 0-0 Bg7 7. a4 Nge7 8. d3 0-0 9. Kh1 a6 10. Qe2 d5 11. Bb3 d4 12. Nd1 Na5 13. Ba2 b5 14. Bd2 b4 15. c4 dxc3 16. bxc3 b3 17. Bb1 Nec6 18. Be3 Qe7 19. Qf2 Nb7 20. e5 Rd8 21. Nb2 Nca5 22. Nd2 Bd7 23. Nbc4 Rac8 24. Ra3 Be8 25. Nxa5 Nxa5 26. Nxb3 Nxb3 27. Rxb3 c4 28. dxc4 Rxc4 29. a5 Ba4 30. Rb4 Rxb4 31. cxb4 Qxb4 32. Bc5 Qc3 33. Qe3 Qxa5 34. Bd3 Rxd3 35. Qxd3 Qxc5 36. Qxa6 Bb5 37. Qa8+ Qf8 38. Ra1 Qxa8 39. Rxa8+ Bf8 40. h3 Kg7 41. Kh2 Bc6 42. Ra7 Bd5 43. g3 h6 44. h4 g5 45. hxg5 hxg5 46. Kh3 Kg6 47. Kg4 Bg7 48. Rd7 Be4 49. Ra7 Bf8 50. Rc7 Bg7 51. Ra7 Bf5+ 52. Kf3 g4+ 53. Ke3 f6 54. exf6 Bxf6 55. Rb7 Bc3 56. Rb3 Be1 57. Ke2 Ba5 58. Kf2 Kf6 59. Kg2 Ke7 60. Rb5 Bc3 61. Rb3 Bd4 62. Rb4 Bc5 63. Rb2 Kd6 64. Rd2+ Kc6 65. Kh2 Kb5 66. Kg2 Kc4 67. Kh2 Bd4 68. Kg2 Kc3 69. Ra2 Kd3 70. Ra3+ Ke2 71. Ra2+ Ke1 72. Ra4 Be3 73. Ra1+ Ke2 74. Ra2+ Bd2 75. Ra4 Bd3 76. Ra2 Be4+ 77. Kh2 Ke1 78. Ra1+ Kf2 79. Ra2 Ke2 80. Ra4 Kf3 81. Ra2 Be1 82. Ra3+ Kf2 83. Ra2+ Kf1 84. Ra1 1/2-1/2

[Event "HUN-chT2 Asztalos 0304"]
[Site "Hungary"]
[Date "2003.11.16"]
[Round "3"]
[White "Szarvas, Zoltan"]
[Black "Magony, Tamas"]
[Result "1-0"]
[WhiteElo "2177"]
[BlackElo "2183"]
[PlyCount "51"]
[EventDate "2003.08.29"]
[EventType "team"]
[EventRounds "11"]
[EventCountry "HUN"]
[SourceTitle "EXT 2009"]
[Source "ChessBase"]
[SourceDate "2008.11.26"]
[SourceVersion "1"]
[SourceVersionDate "2008.11.26"]
[SourceQuality "1"]
[WhiteTeam "Pannonpower"]
[BlackTeam "Kalocsa"]
[WhiteTeamCountry "HUN"]
[BlackTeamCountry "HUN"]

1. e4 c5 2. Nf3 d6 3. d4 cxd4 4. Nxd4 Nf6 5. Nc3 a6 6. Bg5 e6 7. f4 Qb6 8. Qd2 Qxb2 9. Rb1 Qa3 10. f5 Nc6 11. fxe6 fxe6 12. Nxc6 bxc6 13. Be2 Be7 14. 0-0 0-0 15. Rb3 Qc5+ 16. Be3 Qe5 17. Bf4 Nxe4 18. Nxe4 Qxe4 19. Bxd6 Rxf1+ 20. Kxf1 Bf6 21. Ba3 e5 22. Qd6 Bf5 23. Rb8+ Rxb8 24. Qxb8+ Kf7 25. Qf8+ Kg6 26. Qe8+ 1-0

[Event "Szombathely Savaria op 3rd"]
[Site "Szombathely"]
[Date "2003.07.27"]
[Round "9"]
[White "Kantorik, Marian"]
[Black "Magony, Tamas"]
[Result "1-0"]
[WhiteElo "2272"]
[BlackElo "2183"]
[PlyCount "95"]
[EventDate "2003.07.19"]
[EventType "swiss"]
[EventRounds "9"]
[EventCountry "HUN"]
[SourceTitle "CBM 095 Extra"]
[Source "ChessBase"]
[SourceDate "2003.09.04"]
[SourceVersion "1"]
[SourceVersionDate "2003.09.04"]
[SourceQuality "1"]

1. d4 d5 2. c4 e6 3. Nc3 Nf6 4. cxd5 exd5 5. Bg5 Be7 6. e3 Nbd7 7. Bd3 0-0 8. Qc2 Re8 9. Nge2 Nf8 10. 0-0-0 c6 11. Kb1 Bg4 12. f3 Bh5 13. g4 Bg6 14. h4 N6d7 15. Bxe7 Qxe7 16. e4 dxe4 17. fxe4 Nf6 18. Ng3 Nxg4 19. h5 Ne3 20. Qe2 Nxd1 21. Qxd1 Qg5 22. Qf3 Qf6 23. Qe3 Rad8 24. hxg6 Nxg6 25. Nce2 c5 26. Nh5 Qd6 27. Nxg7 Kxg7 28. Qh6+ Kg8 29. e5 Rxe5 30. Qxh7+ Kf8 31. Bxg6 Qxg6+ 32. Qxg6 fxg6 33. dxe5 Kg7 34. Nf4 Re8 35. Rg1 Rxe5 36. Rxg6+ Kf7 37. Rh6 Ke8 38. Rh7 Re7 39. Rxe7+ Kxe7 40. Kc2 Kd6 41. Kd3 b5 42. Ke4 a5 43. Nd5 b4 44. Ne3 Kc6 45. Kd3 Kb5 46. b3 a4 47. Nc4 axb3 48. axb3 1-0

[Event "Szombathely Savaria op 3rd"]
[Site "Szombathely"]
[Date "2003.07.26"]
[Round "8"]
[White "Magony, Tamas"]
[Black "Lakos, Nikoletta"]
[Result "0-1"]
[WhiteElo "2183"]
[BlackElo "2372"]
[PlyCount "78"]
[EventDate "2003.07.19"]
[EventType "swiss"]
[EventRounds "9"]
[EventCountry "HUN"]
[SourceTitle "CBM 095 Extra"]
[Source "ChessBase"]
[SourceDate "2003.09.04"]
[SourceVersion "1"]
[SourceVersionDate "2003.09.04"]
[SourceQuality "1"]

1. e4 c5 2. Nf3 Nc6 3. d4 cxd4 4. Nxd4 Qc7 5. Nc3 e6 6. Be3 a6 7. Qd2 Nf6 8. f3 b5 9. a3 Ne5 10. Be2 Bb7 11. g4 h6 12. Rg1 Ng6 13. Bd3 Rd8 14. f4 e5 15. fxe5 Nxe5 16. 0-0-0 b4 17. axb4 Bxb4 18. Rdf1 Bxe4 19. Rxf6 Bxd3 20. Rf4 Bxc3 21. bxc3 Bg6 22. Nf5 0-0 23. g5 h5 24. Qd4 d6 25. Ng3 Rc8 26. Ne2 Nc4 27. Rf3 Qa5 28. Kd1 Qa2 29. Ke1 Rfe8 30. Kf2 Qxc2 31. Re1 Re4 32. Qd5 Rxe3 33. Rxe3 Nxe3 34. Kxe3 Re8+ 35. Kf2 Bd3 36. Qf3 Rxe2+ 37. Rxe2 Qxe2+ 38. Qxe2 Bxe2 39. Kxe2 Kh7 0-1

[Event "Szombathely Savaria op 3rd"]
[Site "Szombathely"]
[Date "2003.07.21"]
[Round "3"]
[White "Kernazhitsky, Leonid"]
[Black "Magony, Tamas"]
[Result "1-0"]
[WhiteElo "2402"]
[BlackElo "2183"]
[PlyCount "61"]
[EventDate "2003.07.19"]
[EventType "swiss"]
[EventRounds "9"]
[EventCountry "HUN"]
[SourceTitle "CBM 095 Extra"]
[Source "ChessBase"]
[SourceDate "2003.09.04"]
[SourceVersion "1"]
[SourceVersionDate "2003.09.04"]
[SourceQuality "1"]

1. e4 c5 2. Nf3 d6 3. d4 cxd4 4. Nxd4 Nf6 5. Nc3 a6 6. f3 e6 7. Be3 Be7 8. Qd2 b5 9. g4 Bb7 10. g5 Nfd7 11. 0-0-0 Nc6 12. h4 Rc8 13. Kb1 Nce5 14. f4 Nc4 15. Bxc4 Rxc4 16. f5 e5 17. f6 exd4 18. fxe7 Qxe7 19. Bxd4 Ne5 20. Bf2 Rc6 21. Nd5 Qe6 22. b3 Rc8 23. Nf4 Qe7 24. Qxd6 Qxd6 25. Rxd6 Rxc2 26. Kxc2 Bxe4+ 27. Kb2 Bxh1 28. Bd4 Nd7 29. Bxg7 Rg8 30. Nh5 f5 31. gxf6 1-0

[Event "HUN-chT2 Asztalos 0203"]
[Site "Hungary"]
[Date "2003.03.02"]
[Round "8"]
[White "Magony, Tamas"]
[Black "Kalanyos, Ferenc"]
[Result "1-0"]
[WhiteElo "2172"]
[BlackElo "2006"]
[PlyCount "43"]
[EventDate "2002.09.22"]
[EventType "team"]
[EventRounds "11"]
[EventCountry "HUN"]
[SourceTitle "EXT 2009"]
[Source "ChessBase"]
[SourceDate "2008.11.26"]
[SourceVersion "1"]
[SourceVersionDate "2008.11.26"]
[SourceQuality "1"]

1. e4 c6 2. d4 e6 3. Nf3 d5 4. e5 Nd7 5. Bd3 c5 6. c3 c4 7. Bc2 f6 8. exf6 Ngxf6 9. Ng5 Qb6 10. Qe2 Nb8 11. Bf5 Be7 12. Bxe6 Bxe6 13. Nxe6 Rg8 14. 0-0 Kd7 15. Ng5 Re8 16. Qf3 h6 17. Qf5+ Kc6 18. Nf7 Kb5 19. b3 cxb3 20. axb3 Bd6 21. c4+ Kc6 22. Nxd6 1-0

[Event "Szombathely Savaria op 2nd"]
[Site "Szombathely"]
[Date "2002.07.30"]
[Round "7"]
[White "Butunoi, Alexandru Victor"]
[Black "Magony, Tamas"]
[Result "1-0"]
[WhiteElo "2355"]
[BlackElo "2172"]
[PlyCount "55"]
[EventDate "2002.07.26"]
[EventType "swiss"]
[EventRounds "9"]
[EventCountry "HUN"]
[SourceTitle "CBM 089 Extra"]
[Source "ChessBase"]
[SourceDate "2002.09.10"]
[SourceVersion "2"]
[SourceVersionDate "2002.09.10"]
[SourceQuality "1"]

1. e4 c5 2. Nf3 d6 3. d4 cxd4 4. Nxd4 Nf6 5. Nc3 a6 6. Be3 e5 7. Nb3 Be6 8. Qd2 Nbd7 9. f3 b5 10. 0-0-0 Qc7 11. g4 Nb6 12. g5 Nfd7 13. Na5 Nc5 14. h4 Nca4 15. Nd5 Nxd5 16. exd5 Bd7 17. Bh3 Bxh3 18. Rxh3 Be7 19. Nc6 Rc8 20. h5 Nb6 21. Bxb6 Qxb6 22. f4 Rxc6 23. dxc6 Qxc6 24. Rc3 Qb7 25. f5 h6 26. f6 gxf6 27. gxf6 Bf8 28. Rc5 1-0

[Event "HUN-chT3 0102"]
[Site "Hungary"]
[Date "2002.03.24"]
[Round "9"]
[White "Magony, Tamas"]
[Black "Rozsnyai, Tamas"]
[Result "1-0"]
[WhiteElo "2172"]
[BlackElo "2130"]
[PlyCount "65"]
[EventDate "2001.09.30"]
[EventType "team"]
[EventRounds "11"]
[EventCountry "HUN"]
[SourceTitle "EXT 2004"]
[Source "ChessBase"]
[SourceDate "2003.11.25"]
[SourceVersion "1"]
[SourceVersionDate "2003.11.25"]
[SourceQuality "1"]

1. e4 e5 2. Nf3 Nc6 3. Bb5 a6 4. Ba4 Nf6 5. 0-0 Be7 6. Re1 b5 7. Bb3 d6 8. h3 0-0 9. c3 Bb7 10. d4 Re8 11. a4 Bf8 12. axb5 axb5 13. Rxa8 Bxa8 14. Bc2 exd4 15. cxd4 Nb4 16. Bg5 h6 17. Bxf6 Qxf6 18. Nc3 Nxc2 19. Qxc2 b4 20. Nb5 Qg6 21. Nd2 c5 22. Nc7 Rc8 23. Nxa8 Rxa8 24. Qc4 Re8 25. Qb5 f5 26. Qc6 Kh7 27. dxc5 fxe4 28. Nxe4 Re5 29. Re3 Rxe4 30. Qxe4 dxc5 31. b3 Qxe4 32. Rxe4 Kg6 33. f3 1-0